Datum a čas kvízu
18.5
Celkem bodů
Celkový počet nahraných bodů na tomto kvízu bez doplňovacích otázek.
6.
Pořadí na kvízu
Konečné umístění týmu na tomto kvízu.
Zaznamenané odpovědi
| # | Otázka | Odpověď | Body | Výsledky |
|---|---|---|---|---|
| 1. | Bývalý fotbalista Tomáš Řepka... | 2,5 roku | 0 | |
| 2. | Bílý dům chtěl po americkém ná... | John McCain | 0 | |
| 3. | Spekulace o obsazení hlavní ro... | Robert Pattinson | 1 | |
| 4. | V úterý byl vyhlášen v České r... | Den daňové svobody | 1 | |
| 5. | Jeden z fanoušků letošního vít... | (Škoda) Favorit | 1 | |
| 6. | Začneme složením vzduchu. Že j... | 1D 2C 3A 4B | 0 | |
| 7. | Nedaleko jednoho středočeského... | Čáslav | 0 | |
| 8. | Seřaďte první čtyři vrstvy atm... | 1D 2A 3C 4B | 0 | |
| 9. | Na obrázku vidíme meteorologic... | izobary | 0 | |
| 10. | Vítr je zjednodušeně řečeno po... | meteorismus | 0 |